Giai thoại lịch sử Việt Nam
Sách nói về lãnh tụ, chí sĩ yêu nước và danh nhân văn học thế kỷ XX
Enregistré dans:
| Auteur principal: | |
|---|---|
| Format: | Livre |
| Langue: | Undetermined |
| Publié: |
Thành phố Hồ Chí Minh
Tổng hợp thành phố Hồ Chí Minh
2012
|
| Sujets: | |
| Tags: |
Ajouter un tag
Pas de tags, Soyez le premier à ajouter un tag!
|
| Thư viện lưu trữ: | Trung tâm Học liệu Trường Đại học Cần Thơ |
|---|
| LEADER | 00747nam a2200205Ia 4500 | ||
|---|---|---|---|
| 001 | CTU_187833 | ||
| 008 | 210402s9999 xx 000 0 und d | ||
| 020 | |c 45000 | ||
| 082 | |a 398.209597 | ||
| 082 | |b K309/T.8 | ||
| 100 | |a Kiều Văn | ||
| 245 | 0 | |a Giai thoại lịch sử Việt Nam | |
| 245 | 0 | |c Kiều Văn (tuyển soạn) | |
| 260 | |a Thành phố Hồ Chí Minh | ||
| 260 | |b Tổng hợp thành phố Hồ Chí Minh | ||
| 260 | |c 2012 | ||
| 520 | |a Sách nói về lãnh tụ, chí sĩ yêu nước và danh nhân văn học thế kỷ XX | ||
| 650 | |a Anecdotes,Giai thoại lịch sử Việt Nam | ||
| 910 | |a Nguyên | ||
| 980 | |a Trung tâm Học liệu Trường Đại học Cần Thơ | ||